Top 10 Least Populated Capital Cities in Europe - Statistics

General Stats
  • This quiz has been taken 163 times
    33 since last reset
  • The average score is 8 of 10
Answer Stats
Population City % Correct
764 Vatican City
100%
22,873 Andorra la Vella
92%
136,208 Luxembourg
92%
4,061 San Marino
92%
5,774 Vaduz
92%
5,827 Valletta
85%
38,350 Monaco
77%
133,267 Reykjavik
77%
134,591 Bern
69%
187,686 Brussels
31%
No matching quizzes found
Score Distribution
Percent of People with Each Score
Percentile by Number Answered
Your Score History
You have not taken this quiz since the last reset